Personnel management: a computer-based system (Record no. 347607)

000 -LEADER
fixed length control field 00395cam a22001337a 4500
008 - FIXED-LENGTH DATA ELEMENTS--GENERAL INFORMATION
fixed length control field 180718b1978 xxu||||| |||| 00| 0 eng d
082 ## - DEWEY DECIMAL CLASSIFICATION NUMBER
Classification number K L515
100 ## - MAIN ENTRY--PERSONAL NAME
Personal name Lee, Sang M.
245 ## - TITLE STATEMENT
Title Personnel management: a computer-based system
Statement of responsibility, etc. by Sang M. Lee and Cary D. Thorp
260 ## - PUBLICATION, DISTRIBUTION, ETC.
Place of publication, distribution, etc. New York
Name of publisher, distributor, etc. Petrocell Books
Date of publication, distribution, etc. 1978
300 ## - PHYSICAL DESCRIPTION
Extent 243p.
650 ## - SUBJECT ADDED ENTRY--TOPICAL TERM
Topical term or geographic name entry element Personnel management
700 ## - ADDED ENTRY--PERSONAL NAME
Personal name Thorp, Cary D.
Holdings
Withdrawn status Lost status Damaged status Not for loan Permanent Location Current Location Date acquired Full call number Barcode Date last seen Price effective from Koha item type
        Indian Institute of Public Administration Indian Institute of Public Administration 1993-10-19 K L515 57354 2018-07-21 2018-07-21 Book

Powered by Koha